| 000 | 00609nam a2200217Ia 4500 | ||
|---|---|---|---|
| 005 | 20250425162434.0 | ||
| 008 | 250425s9999 xx 000 0 und d | ||
| 041 | _aspa | ||
| 082 | _a341.02636 | ||
| 100 | _aEDITORIAL, JURIDICA DEL ECUADOR | ||
| 245 | 0 | _aCODIGO TRIBUTARIO | |
| 250 | _a1A ED. | ||
| 260 |
_aEcuador _bCORPORACION DE ESTUDIOS Y PUBLICACIONES _c2010 |
||
| 260 |
_aS.L. _bCORPORACION DE ESTUDIOS Y PUBLICACIONES |
||
| 300 | _a85 | ||
| 500 | _aACTUALIZADA A MARZO DEL 2010 | ||
| 650 | _aCODIGO TRIBUTARIO | ||
| 710 | _aEDITORIAL JURIDICA DEL ECUADOR | ||
| 942 | _c01 | ||
| 010 | _a74062 | ||
| 999 |
_c229250 _d229250 |
||